<?xml version="1.0" encoding="UTF-8"?>
<record
    xmlns:xsi="http://www.w3.org/2001/XMLSchema-instance"
    xsi:schemaLocation="http://www.loc.gov/MARC21/slim http://www.loc.gov/standards/marcxml/schema/MARC21slim.xsd"
    xmlns="http://www.loc.gov/MARC21/slim">

  <leader>00509nam a2200157Ia 4500</leader>
  <controlfield tag="008">100122s9999    xx            000 0 und d</controlfield>
  <datafield tag="082" ind1=" " ind2=" ">
    <subfield code="b">76894</subfield>
    <subfield code="a">BM822</subfield>
  </datafield>
  <datafield tag="100" ind1=" " ind2=" ">
    <subfield code="a">&#x928;&#x93E;&#x91F;&#x947;&#x915;&#x930; &#x938;&#x941;&#x928;&#x93F;&#x932;</subfield>
  </datafield>
  <datafield tag="245" ind1=" " ind2=" ">
    <subfield code="a">&#x905;&#x915;&#x94D;&#x937;&#x930; &#x905;&#x915;&#x94D;&#x937;&#x930; &#x92C;&#x928;&#x935;&#x940; &#x938;&#x93E;&#x915;&#x94D;&#x937;&#x930;</subfield>
  </datafield>
  <datafield tag="250" ind1=" " ind2=" ">
    <subfield code="a">1</subfield>
  </datafield>
  <datafield tag="260" ind1=" " ind2=" ">
    <subfield code="c">2008</subfield>
  </datafield>
  <datafield tag="300" ind1=" " ind2=" ">
    <subfield code="a">32</subfield>
  </datafield>
  <datafield tag="630" ind1=" " ind2=" ">
    <subfield code="a">&#x905;&#x915;&#x94D;&#x937;&#x930; &#x905;&#x915;&#x94D;&#x937;&#x930; &#x92C;&#x928;&#x935;&#x940; &#x938;&#x93E;&#x915;&#x94D;&#x937;&#x930;</subfield>
  </datafield>
  <datafield tag="730" ind1=" " ind2=" ">
    <subfield code="a">&#x905;&#x915;&#x94D;&#x937;&#x930; &#x905;&#x915;&#x94D;&#x937;&#x930; &#x92C;&#x928;&#x935;&#x940; &#x938;&#x93E;&#x915;&#x94D;&#x937;&#x930;</subfield>
  </datafield>
  <datafield tag="942" ind1=" " ind2=" ">
    <subfield code="c">BOOK</subfield>
  </datafield>
  <datafield tag="999" ind1=" " ind2=" ">
    <subfield code="c">393784</subfield>
    <subfield code="d">393781</subfield>
  </datafield>
</record>
